Waiting for the forest Law: Resource-Led Development and Environmental Politics in Chile /

Tallennettuna:
Bibliografiset tiedot
Päätekijä: Clapp, Roger Alex
Aineistotyyppi: Teksti
Aiheet:
Tagit: Lisää tagi
Ei tageja, Lisää ensimmäinen tagi!

MARC

LEADER 00000 a a2200000 04500
001 43145
003
040
100 |a Clapp, Roger Alex  
245 |a Waiting for the forest Law:   |b Resource-Led Development and Environmental Politics in Chile /  |c Roger Alex Clapp  
650 |a SILVICULTURA  
650 |a PROTECCION FORESTAL  
650 |a POLITICA FORESTAL  
650 |a BOSQUES  
650 |a CHILE  
773 |g volumen33, número2 ( , 1998), páginas 3-36  
999 |c 22718  |d 22718